000 00405 a2200109 4500
001 ART_6997
005 20260410161659.0
008 260409a
245 1 0 _aRegímenes monetarios alternativos en un modelo EDGE de una economía pequeña y abierta con precios y salarios pegajosos
100 1 _aEscudé, Guillermo J.
773 0 _tEnsayos Económicos
_g- Nº 49 (oct./dic. 2007)
_wREV620
999 _c15033
_d15033